书目信息 |
| 题名: |
国家园林城市系列标准解读. 国家园林县城、国家园林城镇标准解读
|
|
| 作者: | ;住房和城乡建设部城市建设司 编著 | |
| 分册: | ||
| 出版信息: | 北京 中国建筑工业出版社 2017.05 |
|
| 页数: | 110页 | |
| 开本: | 20cm | |
| 丛书名: | ||
| 单 册: | ||
| 中图分类: | TU984.2-65 | |
| 科图分类: | ||
| 主题词: | 城市规划 | |
| 电子资源: | ||
| ISBN: | ||
| 000 | 00824nam0 2200193 45 | |
| 001 | 1959425729 | |
| 005 | 20190321173218.61 | |
| 010 | @dRMB 26.00 | |
| 100 | @a20190314d2017 km y0chiy0120 ea | |
| 101 | 0 | @achi |
| 102 | @aCN@b110000 | |
| 200 | 1 | @a国家园林城市系列标准解读. 国家园林县城、国家园林城镇标准解读@Aguo jia yuan lin cheng shi xi lie biao zhun jie du.guo jia yuan lin xian cheng、guo jia yuan lin cheng zhen biao zhun jie du@f住房和城乡建设部城市建设司编著@Fzhu fang he cheng xiang jian she bu cheng shi jian she si bian zhu |
| 210 | @a北京@c中国建筑工业出版社@d2017.05 | |
| 215 | @a110页@d20cm | |
| 606 | 0 | @a城市规划 |
| 690 | @aTU984.2-65@v4 | |
| 711 | 02 | @a住房和城乡建设部城市建设司@Azhu fang he cheng xiang jian she bu cheng shi jian she si@4编著 |
| 801 | 0 | @aCN@bPFT@c20190321 |
| 905 | @a10447@dTU984.2-65@eZ9112 | |
| 国家园林城市系列标准解读. 国家园林县城、国家园林城镇标准解读/住房和城乡建设部城市建设司编著.-北京:中国建筑工业出版社,2017.05 |
| 110页;20cm |
| ISBN :RMB 26.00 |
| ● |
| 相关链接 |
|
|
|
正题名:国家园林城市系列标准解读. 国家园林县城、
索取号:TU984.2-65/Z9112
 
预约/预借
| 序号 | 登录号 | 条形码 | 馆藏地/架位号 | 状态 | 备注 |
| 1 | 1305614 | 213056146 | 建筑库201/201建筑库 65排6列5层/ [索取号:TU984.2-65/Z9112] | 在馆 |